000 00979 a2200193 4500
003 Nust
005 20221123142533.0
020 _a8185938970
040 _cNust
082 _a621.3813,CHA
100 _aChatterjee R
_9103440
245 _aMicrowave, millimetre-wave and submillimetre-wave
_bvacuum electron devices /
_cRajeswari Chatterjee
260 _aAffiliated East-West Press
_bNew Delhi
_c1999
300 _ax, 460 p
_billus
_c24 cm
505 _aPhysical Electronics of Microwave Tubes (Page-1), Interaction Between Electron Beams and Traveling Waves (Page-38), Electron Emission and Cathodes (Page-65), Focusing of Electron Beams and Guns (Page-84), Resonant Circuits for Microwave Tubes (Page-119), Periodic Structure ; Delay Lines (Page-135), Microwave Electron Tubes (Page-171), Technology of Microwave Tubes and Measurements (Page-402), State of The Art (Page-413).
600 _aChatterjee R
_9103440
650 _aTelecommunication Engineering
942 _2ddc
_cBK
999 _c181659
_d181659